[Event "Pozarevac Rudar IM 04"]
[Site "Pozarevac"]
[Date "2024.04.17"]
[Round "9"]
[White "Sachi, Jain"]
[Black "Sai Mahati, Alapati"]
[Result "1/2-1/2"]
[WhiteElo "2110"]
[BlackElo "2155"]
[PlyCount "91"]
[EventDate "2024.04.10"]
[EventType "tourn"]
[EventRounds "9"]
[EventCountry "SRB"]
[EventCategory "1"]
[SourceTitle "CB17_2024"]
[SourceDate "2024.04.24"]
[SourceVersion "1"]
[SourceVersionDate "2024.04.24"]
[SourceQuality "1"]

1. e4 e6 2. d3 d5 3. Nd2 Nf6 4. Ngf3 c5 5. g3 Nc6 6. Bg2 g6 7. 0-0 Bg7 8. Re1 0-0 9. c3 a5 10. Qe2 Re8 11. Nf1 h6 12. e5 Nd7 13. d4 cxd4 14. cxd4 f6 15. exf6 Qxf6 16. Ne3 Nb6 17. Ng4 Qf8 18. Qd3 Ne7 19. Qb5 Nd7 20. Rxe6 h5 21. Ne3 Nf6 22. Ng5 Bd7 23. Qd3 Ne4 24. Rxe4 dxe4 25. Bxe4 Qf6 26. Nd5 Nxd5 27. Bxd5+ Kh8 28. Nf7+ Kh7 29. Ng5+ Kh8 30. Nf7+ Kh7 31. Bf4 Bf5 32. Qf3 Qxd4 33. Ng5+ Kh8 34. Nf7+ Kh7 35. Ng5+ Kh8 36. Nf7+ Kh7 37. Ng5+ Kh8 38. Rd1 Bg4 39. Nf7+ Kh7 40. Ng5+ Kh8 41. Nf7+ Kh7 42. Ng5+ Kh8 43. Nf7+ Kh7 44. Ng5+ Kh8 45. Nf7+ Kh7 46. Ng5+ 1/2-1/2

[Event "Fagernes op"]
[Site "Fagernes"]
[Date "2024.03.31"]
[Round "9"]
[White "Sachi, Jain"]
[Black "Sian, Shadi"]
[Result "1-0"]
[WhiteElo "1992"]
[BlackElo "2076"]
[PlyCount "75"]
[EventDate "2024.03.24"]
[EventType "swiss"]
[EventRounds "9"]
[EventCountry "NOR"]
[SourceTitle "CB14_2024"]
[SourceDate "2024.04.01"]
[SourceVersion "1"]
[SourceVersionDate "2024.04.01"]
[SourceQuality "1"]

1. e4 e6 2. d3 d5 3. Nd2 Nf6 4. Ngf3 Nc6 5. g3 Bc5 6. e5 Nd7 7. c3 f6 8. d4 Bb6 9. exf6 Qxf6 10. Bg2 e5 11. dxe5 Ndxe5 12. 0-0 Bg4 13. h3 Bxf3 14. Nxf3 0-0-0 15. Bf4 Kb8 16. a4 Nxf3+ 17. Qxf3 Rhf8 18. Qd3 g5 19. Be3 Ne5 20. Qe2 Bxe3 21. Qxe3 h5 22. Rae1 Nc4 23. Qe2 h4 24. Bxd5 Nxb2 25. Bxb7 Nxa4 26. Rb1 Nb6 27. Qa6 Qe6 28. Ra1 c6 29. Qxa7+ Kc7 30. Ba6+ Kd6 31. Qxb6 hxg3 32. Qd4+ Ke7 33. Qc5+ Ke8 34. fxg3 Rxf1+ 35. Rxf1 Qxh3 36. Qf8+ Kd7 37. Rf7+ Ke6 38. Bc4+ 1-0

[Event "Fagernes op"]
[Site "Fagernes"]
[Date "2024.03.27"]
[Round "4"]
[White "Gandrud, Vegar Koi"]
[Black "Sachi, Jain"]
[Result "1-0"]
[WhiteElo "2293"]
[BlackElo "1992"]
[PlyCount "147"]
[EventDate "2024.03.24"]
[EventType "swiss"]
[EventRounds "9"]
[EventCountry "NOR"]
[SourceTitle "CB14_2024"]
[SourceDate "2024.04.01"]
[SourceVersion "1"]
[SourceVersionDate "2024.04.01"]
[SourceQuality "1"]

1. d4 d5 2. c4 e6 3. Nf3 Nf6 4. g3 dxc4 5. Bg2 c5 6. 0-0 Nc6 7. dxc5 Qxd1 8. Rxd1 Bxc5 9. Nbd2 c3 10. bxc3 Bd7 11. Nb3 Be7 12. c4 0-0 13. Bb2 Rfd8 14. c5 Be8 15. Nfd2 b6 16. Rac1 bxc5 17. Nxc5 Bxc5 18. Rxc5 Rab8 19. Bxf6 gxf6 20. Bxc6 Rbc8 21. Rdc1 Rxd2 22. Bxe8 Rxe8 23. R1c2 Red8 24. Rxd2 Rxd2 25. Ra5 Rd7 26. e4 Kg7 27. Kg2 Kg6 28. g4 e5 29. Ra6 Rc7 30. Kg3 h6 31. h4 Kg7 32. h5 Rc3+ 33. Kg2 Rc7 34. Kf3 Rc3+ 35. Ke2 Rc2+ 36. Ke3 Rc3+ 37. Kd2 Rc4 38. Kd3 Rd4+ 39. Ke3 Rd7 40. f3 Rc7 41. Kd3 Rd7+ 42. Kc4 Rd4+ 43. Kc3 Rd1 44. Ra3 Kf8 45. Kb4 Rd7 46. Kb5 Ke7 47. Ka6 Kd8 48. Rc3 Rd2 49. a4 Ra2 50. a5 Kd7 51. Rb3 Kc6 52. Rb8 Kc5 53. Rb7 Ra3 54. Rxa7 Rxf3 55. Rxf7 Kd4 56. Kb7 Rb3+ 57. Ka7 Kxe4 58. Rxf6 Kd3 59. Rxh6 e4 60. Rd6+ Ke2 61. Re6 e3 62. h6 Rb1 63. h7 Rh1 64. Re7 Kf2 65. g5 e2 66. g6 Rh3 67. a6 e1Q 68. Rxe1 Kxe1 69. Kb8 Rb3+ 70. Kc8 Rc3+ 71. Kd8 Rd3+ 72. Ke8 Re3+ 73. Kf8 Rf3+ 74. Kg7 1-0

[Event "Fagernes op"]
[Site "Fagernes"]
[Date "2024.03.25"]
[Round "2"]
[White "Lindh, Fredrik"]
[Black "Sachi, Jain"]
[Result "1-0"]
[WhiteElo "2256"]
[BlackElo "1992"]
[PlyCount "114"]
[EventDate "2024.03.24"]
[EventType "swiss"]
[EventRounds "9"]
[EventCountry "NOR"]
[SourceTitle "CB14_2024"]
[SourceDate "2024.04.01"]
[SourceVersion "1"]
[SourceVersionDate "2024.04.01"]
[SourceQuality "1"]

1. e4 e6 2. d4 d5 3. Nc3 Bb4 4. e5 c5 5. Bd2 Ne7 6. Nb5 Bxd2+ 7. Qxd2 0-0 8. dxc5 Nd7 9. Nf3 Nxc5 10. Bd3 Nxd3+ 11. Qxd3 Ng6 12. 0-0 Bd7 13. Nbd4 Qc7 14. Rfe1 Rfc8 15. h4 h6 16. h5 Nf8 17. Nh2 Ba4 18. c3 Qe7 19. f4 Bd7 20. Nhf3 b5 21. a3 a5 22. b4 Qd8 23. Nb3 Qb6+ 24. Nfd4 a4 25. Nc5 Be8 26. Re3 Nd7 27. Nxd7 Bxd7 28. Rf1 Rc4 29. Rff3 Rac8 30. Qd1 Qd8 31. Rg3 R8c7 32. Qg4 Qf8 33. Kh2 Kh8 34. Qh4 Rc8 35. Rgf3 Qd8 36. Qh3 Qb6 37. Qh4 Qd8 38. Qxd8+ Rxd8 39. g4 Kh7 40. f5 Kg8 41. Kg3 Rb8 42. Kh4 Rb6 43. f6 Rb8 44. g5 Rbc8 45. fxg7 Kxg7 46. gxh6+ Kxh6 47. Rf6+ Kg7 48. Rg3+ Kf8 49. h6 Ke7 50. Rgf3 Rf8 51. h7 Rcc8 52. Kg5 Rce8 53. Kh6 Rh8 54. Rxf7+ Kd8 55. Kg7 Kc7 56. Rf8 Ra8 57. R8f6 Bc8 1-0

[Event "Reykjavik op"]
[Site "Reykjavik"]
[Date "2024.03.20"]
[Round "8"]
[White "Sachi, Jain"]
[Black "Gislason, Gudmundur"]
[Result "1-0"]
[WhiteElo "1992"]
[BlackElo "2266"]
[PlyCount "93"]
[EventDate "2024.03.15"]
[EventType "swiss"]
[EventRounds "9"]
[EventCountry "ISL"]
[SourceTitle "CB13_2024"]
[SourceDate "2024.03.27"]
[SourceVersion "1"]
[SourceVersionDate "2024.03.27"]
[SourceQuality "1"]

1. e4 c5 2. Nf3 e6 3. d3 Nc6 4. g3 Nf6 5. Bg2 d5 6. Nbd2 Be7 7. 0-0 0-0 8. Re1 b5 9. e5 Nd7 10. Nf1 a5 11. a4 b4 12. h4 Qb6 13. Bf4 Re8 14. Ne3 Bf8 15. h5 Bb7 16. Ng4 Ne7 17. Ng5 Nf5 18. Nh2 h6 19. Ngf3 d4 20. g4 Ne7 21. g5 hxg5 22. Nxg5 Bxg2 23. Kxg2 Qc6+ 24. Kh3 Nd5 25. Qf3 Nxf4+ 26. Qxf4 f6 27. exf6 Nxf6 28. Ng4 e5 29. Qf5 Qc8 30. Qxc8 Raxc8 31. Nxe5 Nxh5 32. Nc4 Be7 33. Ne4 Ra8 34. Kg4 g6 35. Kf3 Rf8+ 36. Ke2 Nf4+ 37. Kd2 Rfb8 38. b3 Rf8 39. Rg1 Kg7 40. Rg4 Ra6 41. Rag1 Nd5 42. Ne5 Nf4 43. Nd7 Rf5 44. Ndxc5 Rc6 45. Nb7 Nh3 46. R1g2 Kf7 47. Rh2 1-0

[Event "Reykjavik op"]
[Site "Reykjavik"]
[Date "2024.03.16"]
[Round "3"]
[White "Sachi, Jain"]
[Black "Povah, Nigel Edward"]
[Result "1/2-1/2"]
[WhiteElo "1992"]
[BlackElo "2202"]
[PlyCount "45"]
[EventDate "2024.03.15"]
[EventType "swiss"]
[EventRounds "9"]
[EventCountry "ISL"]
[SourceTitle "CB13_2024"]
[SourceDate "2024.03.27"]
[SourceVersion "1"]
[SourceVersionDate "2024.03.27"]
[SourceQuality "1"]

1. e4 c5 2. Nf3 Nc6 3. d4 cxd4 4. Nxd4 e5 5. Nb5 d6 6. N1c3 a6 7. Na3 Be7 8. Nd5 Nf6 9. Nxe7 Qxe7 10. Bg5 b5 11. c4 b4 12. Nc2 0-0 13. g3 h6 14. Bxf6 Qxf6 15. Bg2 Bb7 16. 0-0 Rad8 17. Qd2 a5 18. Rad1 Qe7 19. Ne3 Nd4 20. Nc2 Ne6 21. Ne3 Nd4 22. Nc2 Ne6 23. Ne3 1/2-1/2

[Event "GER-ch (Women) op"]
[Site "Augsburg"]
[Date "2024.03.09"]
[Round "7"]
[White "Krasenkova, Ilena"]
[Black "Sachi, Jain"]
[Result "1/2-1/2"]
[WhiteElo "2076"]
[BlackElo "1992"]
[PlyCount "138"]
[EventDate "2024.03.06"]
[EventType "swiss"]
[EventRounds "9"]
[EventCountry "GER"]
[SourceTitle "CB12_2024"]
[SourceDate "2023.10.01"]
[SourceVersion "1"]
[SourceVersionDate "2023.10.01"]
[SourceQuality "1"]

1. c4 e6 2. Nc3 d5 3. d4 Be7 4. e3 Nf6 5. Nf3 0-0 6. Bd3 b6 7. 0-0 Bb7 8. cxd5 Nxd5 9. e4 Nxc3 10. bxc3 c5 11. Be3 Nd7 12. Qe2 Qc7 13. Rac1 Rfd8 14. Rfd1 Rac8 15. Bb1 Qb8 16. d5 exd5 17. exd5 c4 18. Bd4 Bf6 19. Qe4 g6 20. Be3 Re8 21. Qg4 Ne5 22. Nxe5 Qxe5 23. Bf4 Qe2 24. Qxe2 Rxe2 25. Kf1 Ree8 26. d6 Rcd8 27. f3 Be5 28. d7 Re7 29. Bxe5 Rxe5 30. Rd6 Rd5 31. Rxd5 Bxd5 32. Rd1 Rxd7 33. Be4 Bc6 34. Rxd7 Bxd7 35. Kf2 Kf8 36. Ke3 Ke7 37. Kd4 Kd6 38. Bd5 f6 39. Bxc4 Bc6 40. Bd3 Bd5 41. a3 Bc6 42. h4 f5 43. Bc4 h6 44. f4 Bxg2 45. Bf7 Be4 46. Bxg6 Bb1 47. Bh5 Be4 48. Be2 Bb1 49. Kc4 Kc6 50. Bf3+ Kd6 51. Kb5 Bd3+ 52. c4 Be4 53. Be2 Bb7 54. Bh5 Kc7 55. c5 Be4 56. Be2 Kb7 57. Bf1 Bf3 58. cxb6 axb6 59. Bd3 Bg4 60. Kb4 Kc6 61. Kc4 Bh3 62. Bc2 Bg4 63. Ba4+ Kd6 64. Bc2 Kc6 65. Bd3 Bh3 66. Be2 Bg2 67. Bd3 Bh3 68. Kd4 Kd6 69. Kc4 Kc6 1/2-1/2

[Event "GER-ch (Women) op"]
[Site "Augsburg"]
[Date "2024.03.08"]
[Round "5"]
[White "Sachi, Jain"]
[Black "Sickmann, Lisa"]
[Result "1/2-1/2"]
[WhiteElo "1992"]
[BlackElo "2080"]
[PlyCount "32"]
[EventDate "2024.03.06"]
[EventType "swiss"]
[EventRounds "9"]
[EventCountry "GER"]
[SourceTitle "CB12_2024"]
[SourceDate "2023.10.01"]
[SourceVersion "1"]
[SourceVersionDate "2023.10.01"]
[SourceQuality "1"]

1. e4 e5 2. Nf3 Nc6 3. Bc4 Bc5 4. c3 Nf6 5. d3 a6 6. Nbd2 Ba7 7. Nf1 d5 8. exd5 Nxd5 9. Ng3 0-0 10. 0-0 h6 11. Re1 Be6 12. Qe2 Qd6 13. Ne4 Qe7 14. Ng3 Qd6 15. Ne4 Qe7 16. Ng3 Qd6 1/2-1/2

[Event "GER-ch (Women) op"]
[Site "Augsburg"]
[Date "2024.03.06"]
[Round "1"]
[White "Heinemann, Josefine"]
[Black "Sachi, Jain"]
[Result "1-0"]
[WhiteElo "2303"]
[BlackElo "1992"]
[PlyCount "101"]
[EventDate "2024.03.06"]
[EventType "swiss"]
[EventRounds "9"]
[EventCountry "GER"]
[SourceTitle "CB12_2024"]
[SourceDate "2023.10.01"]
[SourceVersion "1"]
[SourceVersionDate "2023.10.01"]
[SourceQuality "1"]

1. e4 e5 2. Nf3 Nc6 3. Bb5 a6 4. Ba4 Nf6 5. 0-0 Be7 6. Re1 b5 7. Bb3 d6 8. c3 0-0 9. h3 Na5 10. Bc2 c5 11. d4 Qc7 12. d5 Nc4 13. b3 Nb6 14. a4 c4 15. bxc4 bxa4 16. c5 Qxc5 17. Nxe5 Bb7 18. Nf3 Rfc8 19. Nd4 g6 20. Bxa4 Nxa4 21. Qxa4 Qc7 22. Ra3 Nd7 23. Qc2 Bf6 24. Be3 Ne5 25. Nd2 Rab8 26. Rb1 Nc4 27. Nxc4 Qxc4 28. Qb2 Kg7 29. Rb3 Rc7 30. Qd2 h5 31. Rb4 Qxc3 32. Qxc3 Rxc3 33. Rxb7 Rxb7 34. Rxb7 Rc4 35. Ne6+ Kg8 36. Ng5 Bxg5 37. Bxg5 Rxe4 38. Bf6 g5 39. Bxg5 Re5 40. Bf4 Rxd5 41. Rb6 Rd4 42. Bxd6 a5 43. g3 a4 44. Kg2 Rd3 45. Ra6 Rd4 46. Be7 f5 47. Bg5 Re4 48. Ra5 Kf7 49. Rxf5+ Kg6 50. Ra5 a3 51. h4 1-0

[Event "Swiss Queens Wed #5"]
[Site "FIDE Online Arena INT"]
[Date "2024.02.28"]
[Round "6"]
[White "Buksa, Nataliya"]
[Black "Sachi, Jain"]
[Result "1-0"]
[WhiteElo "2388"]
[BlackElo "1987"]
[PlyCount "69"]
[EventDate "2024.02.28"]
[EventType "swiss (blitz)"]
[EventRounds "11"]
[EventCountry "NET"]
[SourceTitle "CB10_2024"]
[SourceDate "2024.03.06"]
[SourceVersion "1"]
[SourceVersionDate "2024.03.06"]
[SourceQuality "1"]

1. d4 d5 2. Nc3 e6 3. Bf4 f5 4. e3 c6 5. g4 Nf6 6. g5 Ne4 7. Nxe4 fxe4 8. f3 exf3 9. Nxf3 Bd6 10. Bd3 g6 11. Qd2 Bxf4 12. exf4 Qd6 13. 0-0-0 Bd7 14. Ne5 Rf8 15. h4 c5 16. dxc5 Qxc5 17. h5 Nc6 18. Nxd7 Kxd7 19. hxg6 hxg6 20. Rh7+ Kc8 21. Bxg6 Na5 22. b4 Qc4 23. bxa5 Qxa2 24. Qc3+ Qc4 25. Qxc4+ dxc4 26. Rdd7 Rxf4 27. Rc7+ Kb8 28. Rxb7+ Kc8 29. Rhc7+ Kd8 30. Rg7 Kc8 31. a6 Rf8 32. Kb2 Rb8 33. Rgc7+ Kd8 34. Rxb8+ Kxc7 35. Rxf8 1-0

[Event "Swiss Queens Wed #5"]
[Site "FIDE Online Arena INT"]
[Date "2024.02.28"]
[Round "2"]
[White "Kosteniuk, Alexandra"]
[Black "Sachi, Jain"]
[Result "1-0"]
[WhiteElo "2501"]
[BlackElo "1987"]
[PlyCount "89"]
[EventDate "2024.02.28"]
[EventType "swiss (blitz)"]
[EventRounds "11"]
[EventCountry "NET"]
[SourceTitle "CB10_2024"]
[SourceDate "2024.03.06"]
[SourceVersion "1"]
[SourceVersionDate "2024.03.06"]
[SourceQuality "1"]

1. Nf3 d5 2. g3 e6 3. Bg2 Nf6 4. 0-0 Bd6 5. d3 0-0 6. Nc3 c5 7. e4 Nc6 8. Re1 d4 9. e5 dxc3 10. exd6 Qxd6 11. bxc3 b6 12. Bf4 Qd7 13. Ne5 Nxe5 14. Bxa8 Nc6 15. Qf3 Nd5 16. Bxc6 Qxc6 17. c4 Nb4 18. Qxc6 Nxc6 19. c3 Bb7 20. Rad1 Rd8 21. Rd2 f6 22. Be3 e5 23. f3 Ne7 24. Kf2 Kf7 25. Red1 Nf5 26. d4 exd4 27. cxd4 cxd4 28. Bxd4 Rc8 29. c5 bxc5 30. Bxc5 Bxf3 31. Rd7+ Kg6 32. Kxf3 Rxc5 33. Rxa7 Rc3+ 34. Ke2 Rc2+ 35. Rd2 Nd4+ 36. Kd3 Rxd2+ 37. Kxd2 Nf3+ 38. Ke2 Nxh2 39. a4 Ng4 40. a5 Ne5 41. Rc7 h5 42. a6 Kg5 43. a7 Kg4 44. Rxg7+ Kf5 45. a8Q 1-0

[Event "Swiss Queens Wed #4"]
[Site "FIDE Online Arena INT"]
[Date "2024.02.21"]
[Round "3"]
[White "Aliaga Fernandez, Ingrid Yadira"]
[Black "Sachi, Jain"]
[Result "1/2-1/2"]
[WhiteElo "2147"]
[BlackElo "1987"]
[PlyCount "183"]
[EventDate "2024.02.21"]
[EventType "swiss (blitz)"]
[EventRounds "11"]
[EventCountry "NET"]
[SourceTitle "CB09_2024"]
[SourceDate "2024.02.28"]
[SourceVersion "1"]
[SourceVersionDate "2024.02.28"]
[SourceQuality "1"]

1. d4 d5 2. Nf3 e6 3. c4 Be7 4. Nc3 Nf6 5. Bg5 h6 6. Bh4 b6 7. e3 Bb7 8. cxd5 Nxd5 9. Bxe7 Qxe7 10. Be2 0-0 11. 0-0 c5 12. dxc5 Qxc5 13. Nxd5 Bxd5 14. Rc1 Qe7 15. a3 Nd7 16. Qd4 Nc5 17. Qg4 Rfd8 18. Rcd1 Rac8 19. h3 Qf6 20. Nd4 Nb3 21. Ba6 Rc5 22. Nxb3 Bxb3 23. Rxd8+ Qxd8 24. Qb4 Bd5 25. Rd1 Qa8 26. Bf1 Qc6 27. Qd4 Rc1 28. Rxc1 Qxc1 29. a4 Qc5 30. Qxc5 bxc5 31. f3 a5 32. Bb5 Bb3 33. Kf2 Kf8 34. Ke2 Ke7 35. Kd2 Kd6 36. Kc3 Bd1 37. Kd2 Bb3 38. Kc3 Bd1 39. h4 g5 40. hxg5 hxg5 41. Kd2 Bb3 42. Be8 f5 43. Kc3 Bd1 44. Kd2 Bb3 45. Bb5 c4 46. Kc3 Kc5 47. Bd7 Kd6 48. Bb5 Kc5 49. g3 e5 50. f4 exf4 51. gxf4 gxf4 52. exf4 Ba2 53. Bd7 Bb3 54. Bxf5 Bxa4 55. Be6 Bb5 56. Bc8 Kd5 57. f5 Ke5 58. Be6 Be8 59. Bxc4 Kxf5 60. Bd3+ Ke5 61. Kc4 Kd6 62. Kd4 a4 63. Bc4 Kc6 64. Kc3 Kb6 65. Bd3 Ka5 66. Bc4 Bd7 67. Kd4 Bc6 68. Kc5 Be8 69. Ba2 Bh5 70. Be6 Bg6 71. Bd5 Bd3 72. Bc4 Bc2 73. Kd4 Bb3 74. Kc3 Bd1 75. Kd4 Bh5 76. Bd5 Be8 77. Kc5 Bb5 78. Bc6 Bf1 79. Bb7 Bh3 80. Be4 Bg4 81. Bd3 Be6 82. Bc4 Bg4 83. Bf1 Bf3 84. Kd4 Bb7 85. Kc3 Bc6 86. Bc4 Bd7 87. Ba2 Bf5 88. Kd4 Bg4 89. Kc5 Bf3 90. Bc4 Bg2 91. b4+ axb3 92. Bxb3 1/2-1/2

[Event "Swiss Queens Wed #4"]
[Site "FIDE Online Arena INT"]
[Date "2024.02.21"]
[Round "7"]
[White "Kaldarova, Ayaulym"]
[Black "Sachi, Jain"]
[Result "1-0"]
[WhiteElo "2110"]
[BlackElo "1987"]
[PlyCount "77"]
[EventDate "2024.02.21"]
[EventType "swiss (blitz)"]
[EventRounds "11"]
[EventCountry "NET"]
[SourceTitle "CB09_2024"]
[SourceDate "2024.02.28"]
[SourceVersion "1"]
[SourceVersionDate "2024.02.28"]
[SourceQuality "1"]

1. Nf3 d5 2. g3 e6 3. Bg2 c5 4. 0-0 Nc6 5. d4 Nf6 6. c4 Be7 7. cxd5 Nxd5 8. dxc5 Bxc5 9. a3 0-0 10. b4 Be7 11. e4 Nf6 12. Qe2 b6 13. Rd1 Qc7 14. Bb2 Bb7 15. Nbd2 Rfd8 16. e5 Nd5 17. Rac1 a6 18. Ne4 Rac8 19. h4 Bf8 20. Kh2 Rd7 21. Rc2 Rcd8 22. Rdc1 Qb8 23. Rxc6 Bxc6 24. Rxc6 Ne7 25. Rd6 Nf5 26. Rxd7 Rxd7 27. Qxa6 Ra7 28. Qd3 Qc8 29. g4 Rd7 30. Qe2 Ne7 31. Nd6 Qc7 32. Ng5 Nd5 33. Qd3 g6 34. Nge4 Bxd6 35. exd6 Qd8 36. Qd4 f6 37. g5 Rxd6 38. Nxd6 Qxd6+ 39. Kh1 1-0

[Event "Swiss Queens Wed #4"]
[Site "FIDE Online Arena INT"]
[Date "2024.02.21"]
[Round "1"]
[White "Papp, Petra"]
[Black "Sachi, Jain"]
[Result "0-1"]
[WhiteElo "2267"]
[BlackElo "1987"]
[PlyCount "122"]
[EventDate "2024.02.21"]
[EventType "swiss (blitz)"]
[EventRounds "11"]
[EventCountry "NET"]
[SourceTitle "CB09_2024"]
[SourceDate "2024.02.28"]
[SourceVersion "1"]
[SourceVersionDate "2024.02.28"]
[SourceQuality "1"]

1. e4 e5 2. Nf3 Nc6 3. Bb5 a6 4. Ba4 Nf6 5. 0-0 Be7 6. d3 b5 7. Bb3 d6 8. a4 Bg4 9. c3 Na5 10. Bc2 c5 11. h3 Bd7 12. Nbd2 0-0 13. Re1 Qc7 14. Nf1 Rfc8 15. Ng3 Bf8 16. Bg5 Ne8 17. Nh2 b4 18. c4 h6 19. Be3 g6 20. Qf3 Nc6 21. Ng4 Bxg4 22. hxg4 Bg7 23. g5 hxg5 24. Bxg5 Nd4 25. Qd1 Rab8 26. Bb3 f5 27. exf5 gxf5 28. Nh5 Qf7 29. Nxg7 Qxg7 30. Be3 Nxb3 31. Qxb3 Rc7 32. f4 exf4 33. Bxf4 Qg4 34. Rf1 Rg7 35. Qc2 Rbb7 36. Rae1 Rbe7 37. Qf2 Rh7 38. Qg3 Qxg3 39. Bxg3 Rxe1 40. Rxe1 Kf7 41. Kf2 Rg7 42. b3 Rg6 43. Bf4 Re6 44. Rxe6 Kxe6 45. Kf3 Nf6 46. Bh6 Ng4 47. Bg7 Ne5+ 48. Bxe5 Kxe5 49. Ke3 f4+ 50. Ke2 Kd4 51. Kd2 d5 52. cxd5 Kxd5 53. Ke2 Kd4 54. Kd2 a5 55. Ke2 Kc3 56. Kf3 Kxb3 57. Kxf4 Kxa4 58. g4 b3 59. g5 b2 60. g6 b1Q 61. g7 Qg1 0-1

[Event "Swiss Queens Wed #2"]
[Site "FIDE Online Arena INT"]
[Date "2024.02.07"]
[Round "6"]
[White "Hrebenshchykova, Yelyzaveta"]
[Black "Sachi, Jain"]
[Result "1-0"]
[WhiteElo "2282"]
[BlackElo "1987"]
[PlyCount "123"]
[EventDate "2024.02.07"]
[EventType "swiss (blitz)"]
[EventRounds "11"]
[EventCountry "NET"]
[SourceTitle "CB07_2024"]
[SourceDate "2024.02.14"]
[SourceVersion "1"]
[SourceVersionDate "2024.02.14"]
[SourceQuality "1"]

1. e4 e5 2. Nf3 Nc6 3. Bb5 a6 4. Ba4 Nf6 5. 0-0 Be7 6. Re1 b5 7. Bb3 d6 8. c3 0-0 9. h3 Na5 10. Bc2 c5 11. d4 Qc7 12. Nbd2 cxd4 13. cxd4 Nc6 14. Nb3 a5 15. Be3 a4 16. Nbd2 Bd7 17. Rc1 Qb7 18. d5 Nb4 19. Bb1 Rfc8 20. a3 Na6 21. Qe2 Rxc1 22. Rxc1 Rc8 23. Rc2 b4 24. Rxc8+ Qxc8 25. Qc4 bxa3 26. Qxc8+ Bxc8 27. bxa3 Nd7 28. Nc4 Nac5 29. Bc2 Ba6 30. Nfd2 Kf8 31. f3 Ke8 32. Na5 Bd8 33. Nc6 Bb6 34. Kf2 Bb5 35. Nb1 Bxc6 36. dxc6 Nb8 37. Nc3 Nxc6 38. Nxa4 Nxa4 39. Bxa4 Bxe3+ 40. Kxe3 Kd7 41. Kd3 Kc7 42. Bxc6 Kxc6 43. Kc4 g6 44. a4 f5 45. g4 fxe4 46. fxe4 h5 47. gxh5 gxh5 48. h4 d5+ 49. exd5+ Kd6 50. a5 e4 51. a6 e3 52. Kd3 Kxd5 53. a7 Ke5 54. a8Q Kf4 55. Qe4+ Kg3 56. Kxe3 Kh3 57. Qf4 Kg2 58. Qg5+ Kh2 59. Qxh5 Kg3 60. Qg5+ Kh3 61. Kf3 Kh2 62. Qg2# 1-0

[Event "Tamil Nadu IM 13th"]
[Site "Chennai"]
[Date "2024.01.17"]
[Round "3"]
[White "Sachi, Jain"]
[Black "Manik, Mikulas"]
[Result "1/2-1/2"]
[WhiteElo "1842"]
[BlackElo "2342"]
[PlyCount "62"]
[EventDate "2024.01.16"]
[EventType "tourn"]
[EventRounds "9"]
[EventCountry "IND"]
[SourceTitle "CB04_2024"]
[SourceDate "2023.10.16"]
[SourceVersion "1"]
[SourceVersionDate "2023.10.16"]
[SourceQuality "1"]

1. e4 c5 2. Nf3 Nc6 3. d4 cxd4 4. Nxd4 g6 5. f4 Bg7 6. Nf3 Qb6 7. c3 d6 8. Bd3 Bg4 9. Na3 Nf6 10. Nc4 Qc7 11. h3 Bxf3 12. Qxf3 0-0 13. 0-0 b5 14. Ne3 b4 15. Bd2 Rab8 16. Rac1 b3 17. a3 e6 18. Ng4 Nxg4 19. hxg4 d5 20. e5 Na5 21. Be3 Nc4 22. Bxc4 dxc4 23. Qf2 Ra8 24. Bc5 Rfd8 25. Rcd1 Rd7 26. Bd6 Qb6 27. Rd4 Qb5 28. f5 exf5 29. gxf5 gxf5 30. Qxf5 Re8 31. Rh4 h6 1/2-1/2

[Event "Tamil Nadu IM 13th"]
[Site "Chennai"]
[Date "2024.01.16"]
[Round "2"]
[White "Prasannaa, S."]
[Black "Sachi, Jain"]
[Result "1/2-1/2"]
[WhiteElo "2213"]
[BlackElo "1842"]
[PlyCount "103"]
[EventDate "2024.01.16"]
[EventType "tourn"]
[EventRounds "9"]
[EventCountry "IND"]
[SourceTitle "CB04_2024"]
[SourceDate "2023.10.16"]
[SourceVersion "1"]
[SourceVersionDate "2023.10.16"]
[SourceQuality "1"]

1. h3 d5 2. Nf3 e6 3. e3 Bd6 4. b3 Nf6 5. Bb2 c5 6. c4 b6 7. cxd5 exd5 8. Bb5+ Bd7 9. Nc3 Nc6 10. d4 a6 11. dxc5 Bxc5 12. Be2 Be6 13. 0-0 d4 14. Na4 dxe3 15. Qxd8+ Nxd8 16. Nxc5 exf2+ 17. Kxf2 bxc5 18. Bxf6 gxf6 19. Rfc1 Nb7 20. Ne1 0-0 21. Bf3 Rab8 22. Nd3 Rfc8 23. Bxb7 Rxb7 24. Rxc5 Rxc5 25. Nxc5 Rb6 26. Ke3 Kf8 27. Kd4 Ke7 28. Kc3 Bd5 29. g3 f5 30. Rd1 Kd6 31. b4 a5 32. Nd3 Bf3 33. Rd2 axb4+ 34. Nxb4+ Kc7 35. Nd3 Bd5 36. Kd4 Be6 37. Ke5 Kd7 38. a3 Ke7 39. Nb4 Rb5+ 40. Kd4 f4 41. gxf4 Bxh3 42. Rh2 Bf5 43. Kc4 Rb7 44. Nd5+ Kd6 45. Rh6+ Be6 46. f5 Rc7+ 47. Kd4 Ra7 48. fxe6 Ra4+ 49. Kc3 Kxd5 50. exf7 Rxa3+ 51. Kb4 Rf3 52. Rxh7 1/2-1/2

[Event "Tamil Nadu IM 13th"]
[Site "Chennai"]
[Date "2024.01.16"]
[Round "1"]
[White "Sachi, Jain"]
[Black "Sitnikov, Anton"]
[Result "1/2-1/2"]
[WhiteElo "1842"]
[BlackElo "2356"]
[PlyCount "139"]
[EventDate "2024.01.16"]
[EventType "tourn"]
[EventRounds "9"]
[EventCountry "IND"]
[SourceTitle "CB04_2024"]
[SourceDate "2023.10.16"]
[SourceVersion "1"]
[SourceVersionDate "2023.10.16"]
[SourceQuality "1"]

1. e4 d6 2. d4 Nf6 3. Nc3 e5 4. dxe5 dxe5 5. Qxd8+ Kxd8 6. Bg5 Be6 7. 0-0-0+ Nbd7 8. g3 Kc8 9. f3 h6 10. Be3 g5 11. Nge2 c6 12. h4 g4 13. f4 Bc5 14. Bxc5 Nxc5 15. Bg2 a5 16. Rhf1 Nfd7 17. fxe5 Nxe5 18. Nd4 Kc7 19. Nxe6+ fxe6 20. Ne2 Rad8 21. Nf4 Rxd1+ 22. Rxd1 b5 23. b3 Rg8 24. Nd3 Nexd3+ 25. cxd3 e5 26. d4 exd4 27. Rxd4 Rf8 28. e5 Rf2 29. Rd2 Rxd2 30. Kxd2 Nd7 31. e6 Ne5 32. Be4 Kd6 33. Bf5 c5 34. Ke3 c4 35. bxc4 bxc4 36. Kd4 h5 37. e7 Nc6+ 38. Kxc4 Nxe7 39. Bc2 Ke5 40. Kb5 Nf5 41. Bxf5 Kxf5 42. Kxa5 Ke4 43. a4 Kf3 44. Kb5 Kxg3 45. a5 Kxh4 46. a6 g3 47. a7 g2 48. a8Q g1Q 49. Qe4+ Qg4 50. Qe1+ Kg5 51. Qe7+ Kf4 52. Qd6+ Kf3 53. Qd3+ Kf2 54. Kc5 Qc8+ 55. Kb5 Qe8+ 56. Ka5 Qe5+ 57. Kb4 Qf4+ 58. Kb5 h4 59. Qc2+ Kg1 60. Qc5+ Qf2 61. Qg5+ Kh2 62. Qe5+ Kg2 63. Qe4+ Kf1 64. Qh1+ Ke2 65. Qe4+ Kd2 66. Qb4+ Kc1 67. Qc4+ Kb2 68. Qb4+ Ka1 69. Qa4+ Kb1 70. Qe4+ 1/2-1/2

[Event "IND-ch U15 Girls 39th"]
[Site "Jalgaon"]
[Date "2023.12.31"]
[Round "6"]
[White "Sachi, Jain"]
[Black "Sneha, Halder"]
[Result "1-0"]
[WhiteElo "1844"]
[BlackElo "1766"]
[PlyCount "91"]
[EventDate "2023.12.27"]
[EventType "swiss"]
[EventRounds "11"]
[EventCountry "IND"]
[SourceTitle "CB02_2024"]
[SourceDate "2024.01.10"]
[SourceVersion "1"]
[SourceVersionDate "2024.01.10"]
[SourceQuality "1"]

1. e4 c6 2. d4 d5 3. Nc3 dxe4 4. Nxe4 Bf5 5. Ng3 Bg6 6. Bc4 e6 7. N1e2 Bd6 8. 0-0 Ne7 9. c3 0-0 10. Nf4 Bxf4 11. Bxf4 Nd7 12. Qe2 Nb6 13. Bd3 Bxd3 14. Qxd3 Ng6 15. Be3 Qd5 16. b3 f5 17. f4 e5 18. c4 Qd7 19. Rad1 Rad8 20. Qc3 exf4 21. Bxf4 Nc8 22. d5 cxd5 23. Rxd5 Qe6 24. Nxf5 Rd7 25. Re1 Qf7 26. Rxd7 Qxd7 27. Re7 Qxe7 28. Nxe7+ Ncxe7 29. Bd6 Rd8 30. Bxe7 Nxe7 31. Qe5 Kf7 32. Qc7 Rd1+ 33. Kf2 Rd2+ 34. Kf1 Rxa2 35. Qxb7 Ke6 36. Qe4+ Kf6 37. c5 Ra6 38. b4 Re6 39. Qd4+ Kf7 40. b5 Nf5 41. Qd7+ Kf6 42. h3 Ng3+ 43. Kg1 Ne2+ 44. Kf2 Nf4 45. Qd4+ Kf5 46. c6 1-0